Southville International School and Colleges
Your cart is empty.
  • Cart
  • Lists
    Public lists Eva Luna New books Lux_list list_1
    Your lists Log in to create your own lists
  • Log in to your account
  • Your cookies
  • Search history
Southville International School and Colleges
  • Advanced search
  • Recent comments
  • Most popular
  • Libraries

Log in to your account

Log in with GOOGLE


If you do not have an external account, but do have a local account, you can still log in:

  1. Home
  2. MARC view: Six modern Filipino heroes /;
Normal view MARC view ISBD view

Six modern Filipino heroes /; (Record no. 1634)

[ view plain ]
MARC details
000 -LEADER
fixed length control field 00953cam a2200325 a 4500
001 - CONTROL NUMBER
control field 3030750
003 - CONTROL NUMBER IDENTIFIER
control field OSt
005 - DATE AND TIME OF LATEST TRANSACTION
control field 20151015135645.0
008 - FIXED-LENGTH DATA ELEMENTS--GENERAL INFORMATION
fixed length control field 950112s1993 ph a b 000 0ceng
010 ## - LIBRARY OF CONGRESS CONTROL NUMBER
LC control number 94940777
020 ## - INTERNATIONAL STANDARD BOOK NUMBER
International Standard Book Number 9712703258
040 ## - CATALOGING SOURCE
Original cataloging agency DLC
Transcribing agency DLC
Modifying agency DLC
042 ## - AUTHENTICATION CODE
Authentication code lcode
043 ## - GEOGRAPHIC AREA CODE
Geographic area code a-ph---
050 00 - LIBRARY OF CONGRESS CALL NUMBER
Classification number DS 653
Item number .M299 1993
082 ## - DEWEY DECIMAL CLASSIFICATION NUMBER
Classification number FIL 920
Item number M323 1993
245 00 - TITLE STATEMENT
Title Six modern Filipino heroes /;
Statement of responsibility, etc edited by Asuncion David Maramba.
250 ## - EDITION STATEMENT
Edition statement 1st ed.
260 ## - PUBLICATION, DISTRIBUTION, ETC. (IMPRINT)
Place of publication, distribution, etc Pasig, Metro Manila :
Name of publisher, distributor, etc Anvil Pub.,
Date of publication, distribution, etc 1993
300 ## - PHYSICAL DESCRIPTION
Extent 271 p. :
Other physical details ill. ;
Dimensions 22 cm.
650 #0 - SUBJECT ADDED ENTRY--TOPICAL TERM
Topical term or geographic name as entry element Heroes
Geographic subdivision Philippines
General subdivision Biography.
651 #0 - SUBJECT ADDED ENTRY--GEOGRAPHIC NAME
Geographic name Philippines
General subdivision History
Chronological subdivision 1946-1986
General subdivision Biography.
700 1# - ADDED ENTRY--PERSONAL NAME
Personal name Maramba, Asuncion David.
740 0# - ADDED ENTRY--UNCONTROLLED RELATED/ANALYTICAL TITLE
Uncontrolled related/analytical title 6 modern Filipino heroes.
906 ## - LOCAL DATA ELEMENT F, LDF (RLIN)
a 7
b cbc
c origode
d 3
e ncip
f 19
g y-gencatlg
942 ## - ADDED ENTRY ELEMENTS (KOHA)
Source of classification or shelving scheme Library of Congress Classification
Koha item type Books
Holdings
Withdrawn status Lost status Source of classification or shelving scheme Damaged status Home library Current library Shelving location Date acquired Total Checkouts Full call number Barcode Date last seen Copy number Price effective from Koha item type Date checked out
    Library of Congress Classification   Luxembourg Library Luxembourg Library Filipiniana Section 06/26/2013   DS 653 .Si625 1996 5669 01/20/2016 1 06/26/2013 Books  
    Library of Congress Classification   Luxembourg Library Luxembourg Library Filipiniana Section 06/29/2013 2 DS 653 .Si625 1993 2348 01/27/2026 2 06/29/2013 Books 01/27/2026

Six modern Filipino heroes /;

APA

Maramba A. D., . (1993). Six modern Filipino heroes. Pasig, Metro Manila: Anvil Pub.

Chicago

Maramba Asuncion David, . 1993. Six modern Filipino heroes. Pasig, Metro Manila: Anvil Pub.

Harvard

Maramba A. D., . (1993). Six modern Filipino heroes. Pasig, Metro Manila: Anvil Pub.

MLA

Maramba Asuncion David, . Six modern Filipino heroes. Pasig, Metro Manila: Anvil Pub. 1993.

  • Place hold
  • Print
  • Cite
  • Add to your cart (remove)
  • Save record
    BIBTEX Dublin Core MARCXML MARC (non-Unicode/MARC-8) MARC (Unicode/UTF-8) MARC (Unicode/UTF-8, Standard) MODS (XML) RIS
  • More searches
    Search for this title in:
    Other Libraries (WorldCat) Other Databases (Google Scholar) Online Stores (Bookfinder.com) Open Library (openlibrary.org)

Exporting to Dublin Core...

SOUTHVILLE LIBRARY

Southville International School and Colleges Library

1281 Tropical Ave. Cor. Luxembourg St., BF Homes International, Las Pinas City

Tel. No. 8256374 / 252358 Loc. 117/146

Powered by Koha